Catalysis of gas reactions by metals /
Guardado en:
| Autor Principal: | |
|---|---|
| Formato: | Libro |
| Idioma: | English |
| Publicado: |
Springer-Verlag : London :
New York ; Logos,
1970.
|
| Materias: | |
| Etiquetas: |
Agregar Etiqueta
Sin Etiquetas, Sea el primero en etiquetar este registro!
|
| LEADER | 00763cam a22002175a 4500 | ||
|---|---|---|---|
| 001 | EIQ.libpla000723 | ||
| 008 | 700925s1970####nyua#####b####001#0#eng#d | ||
| 005 | 20071218183816.0 | ||
| 245 | 1 | 0 | |a Catalysis of gas reactions by metals / |c A. J. B. Robertson. |
| 260 | |a Springer-Verlag : |b New York ; |a London : |b Logos, |c 1970. | ||
| 300 | |a xi, 182 p. : |b il. ; |c 23 cm. | ||
| 504 | |a Incluye referencias bibliográficas e índices. | ||
| 100 | 1 | |a Robertson, A. J. B. |q (Andrew John Blackford) | |
| 082 | 0 | 0 | |a 541/.395 |
| 650 | 4 | |a Catalizadores |x Metales. | |
| 650 | 4 | |a Reacciones de gases |x Metales. | |
| 650 | 4 | |a Catalysts |x Metals. | |
| 650 | 4 | |a Gas reactions |x Metals. | |
| 010 | |a 70080936 | ||
| 040 | |a DLC |c DLC |d AR-BbSID | ||
| 859 | |a AR-BbSID |b BIB. PLAPIQUI |h 541.395 |i R 545 |p 533 | ||
